Normal view MARC view

Entry Personal Name

Number of records used in: 1

001 - CONTROL NUMBER

  • control field: 9945

003 - CONTROL NUMBER IDENTIFIER

  • control field: DLC

005 - DATE AND TIME OF LATEST TRANSACTION

  • control field: 20231123161135.0

008 - FIXED-LENGTH DATA ELEMENTS

  • fixed length control field: 880122n| acannaab |n aaa

010 ## - LIBRARY OF CONGRESS CONTROL NUMBER

  • LC control number: n 88033343

040 ## - CATALOGING SOURCE

  • Original cataloging agency: DLC
  • Transcribing agency: DLC
  • Modifying agency: DLC

100 1# - HEADING--PERSONAL NAME

  • Personal name: Kenkel, John

670 ## - SOURCE DATA FOUND

  • Source citation: His Analytical chemistry for technicians, c1988:
  • Information found: CIP t.p. (John Kenkel) galley (Southeast Community College)

670 ## - SOURCE DATA FOUND

  • Source citation: A primer on quality in the analytical laboratory, 1999:
  • Information found: CIP t.p. (John Kenkel) d.s. (John V. Kenkel)

670 ## - SOURCE DATA FOUND

  • Source citation: Chemistry, 2000:
  • Information found: CIP t.p. (John V. Kenkel) bk. t.p. (John Kenkel)

Powered by Koha